• 首页
  • 本馆介绍
  • 公告通知
  • 最新文献
  • 馆藏检索
  • 电子资源
  • 读者导购
  • 参考咨询
  • 我的图书馆
  • 登录
  • 详细信息显示
  • 放入我的书架
  • 预约/预借图书
  • 作者相关作品
  • 分类相关作品
  • 丛书相关作品
  • 出版社相关作品

书目信息

  • 表格格式
  • 工作单格式
  • 卡片格式
题名:
绿色农药与化肥中间体
    
 
作者: 汪多仁 编著
分册:  
出版信息: 北京   科学技术文献出版社  2009
页数: 369页
开本: 21cm
丛书名:
单 册:
中图分类: X384 , TQ440.1
科图分类:
主题词: 无污染农药 , 化学肥料--中间体 , 化学肥料 , 中间体
电子资源:
ISBN: 978-7-5023-6282-9
000 00856nam0 2200277 45
001 1050948265
005 20100420101113.82
010    @a978-7-5023-6282-9@dCNY22.00
100    @a20100409d2009 em y0chiy50 ea
101 0  @achi
102    @aCN@b110000
105    @ay z 000yy
106    @ar
200 1  @a绿色农药与化肥中间体@ALu^ Se Nong Yao Yu Hua Fei Zhong Jian Ti@f汪多仁编著@FWang Duo Ren Bian Zhu
210    @a北京@c科学技术文献出版社@d2009
215    @a369页@d21cm
330    @a本书系统介绍了21世纪的绿色农药与化肥中间体,包括理化性质、工艺开发、应用拓展等内容。
606 0  @a无污染农药
606 0  @a化学肥料@x中间体
606 0  @a化学肥料
606 0  @a中间体
690    @aX384@v4
690    @aTQ440.1@v4
701  0 @a汪多仁@AWang Duo Ren@9wang duo ren@4编著
801  0 @aCN@bTANGWEI@c20100420
905    @b0592047-51@dX384@e160@f5
    
    绿色农药与化肥中间体/汪多仁编著.-北京:科学技术文献出版社,2009
    369页;21cm
    
    
    ISBN 978-7-5023-6282-9:CNY22.00
    本书系统介绍了21世纪的绿色农药与化肥中间体,包括理化性质、工艺开发、应用拓展等内容。
●
相关链接 在E读中查询图书 在五车中查询图书 在当当中查询图书 在豆瓣中查询图书


正题名:绿色农药与化肥中间体     索取号:X384/160         预约/预借

序号 登录号 条形码 馆藏地/架位号 状态 备注
1 0592047   205920477   第二样本阅览室/ [索取号:X384/160] 在馆    
2 0592048   205920486   第三借阅区/ [索取号:X384/160] 在馆    
3 0592049   205920495   第三借阅区/ [索取号:X384/160] 在馆    
4 0592050   205920501   第三借阅区/ [索取号:X384/160] 在馆    
5 0592051   205920510   密集书库-生命科学系/ [索取号:X384/160] 在馆    
唐山师范学院图书馆 欢迎您!
大连网信软件有限公司© 版权所有